| 000 | 00000nam##2200000za#4500 |
| 001 | 9.600786 |
| 003 | CaOODSP |
| 005 | 20210624205744 |
| 007 | cr ||||||||||| |
| 008 | 150406|2002||||xxc|||||o f|0| 0 fre|d |
| 040 | |aCaOODSP|bfre |
| 043 | |an-cn--- |
| 086 | 1 |aNH18-1-2/142-2002F-PDF |
| 110 | 2 |aSociété canadienne d'hypothèques et de logement. |
| 245 | 10|aL'insertion résidentielle des jeunes migrants au Québec / |h[ressource électronique]|cpar Marc Molgat ; avec la collaboration de Frédéric Deschenaux et Nathalie St-Laurent. |
| 260 | |aOttawa - Ontario : |bSociété canadienne d'hypothèques et de logement |cOctobre 2002. |
| 300 | |a111p.|bgraphiques, tableaux |
| 490 | 1 |aRapport de recherche |
| 504 | |aBibliographie. |
| 546 | |a(Summary in English.) |
| 590 | |a11-26-Supp|b2011-11-03 |
| 720 | 1 |aMolgat, Marc |
| 720 | 1 |aDeschenaux, Frédéric |
| 720 | 1 |aSt-Laurent, Nathalie |
| 830 | #0|aResearch report (Société canadienne d'hypothèques et de logement : En ligne)|w(CaOODSP)9.502470 |
| 856 | 40|ahttp://publications.gc.ca|qPDF|s1.16 Mo|uhttps://publications.gc.ca/collections/collection_2011/schl-cmhc/nh18-1-2/NH18-1-2-142-2002-fra.pdf |